Geometry Dash Polish Demon Quiz - Statystyki

Ogólne statystyki
  • Ten quiz został rozwiązany 338 razy
  • Średni wynik to 6 z 15
Statystyki odpowiedzi
Zagadnienie Odpowiedź % Poprawnych
Na czyim koncie jest The Nightmare? Jax
90%
Na czyim koncie jest Nine Circles? Zobros
86%
Na czyim koncie jest Artificial Ascent? Viprin
79%
Na czyim koncie jest Speed Racer? ZenthicAlpha
52%
Na czyim koncie jest Death Moon? Caustic
50%
Na czyim koncie jest Devil Vortex? Rustam
48%
Na czyim koncie jest Technitium? Darwin
38%
Na czyim koncie jest Sine Wavs? Dorami
33%
Na czyim koncie jest Success? Dudex
33%
Na czyim koncie jest Rupture? Jekko
33%
Na czyim koncie jest Athanatos? Exenity
31%
Na czyim koncie jest Carnage Mode? Finxdexi
21%
Na czyim koncie jest Hyperio Technia? ML500
17%
Na czyim koncie jest Saturn V? Nasgubb
14%
Na czyim koncie jest Fiber? Shocksidian
12%
Nie znaleziono quizów pasujących do podanych kryteriów
Rozkład punktacji
Procent ludzi z każdym wynikiem
Percentyl według liczby udzielonych odpowiedzi
Twoja historia wyników
Nie rozwiązałeś tego quizu